| 000 | 01024nac a22002771u 4500 | ||
|---|---|---|---|
| 999 |
_c9337 _d9337 |
||
| 003 | EG-ScBUE | ||
| 005 | 20210316120052.0 | ||
| 008 | 110505s1996 ii f 000 1 eng d | ||
| 040 |
_aEG-ScBUE _beng _erda _cEG-ScBUE _dEG-ScBUE |
||
| 082 | 0 | 4 |
_a823.8 _bHAR _222 |
| 100 | 1 |
_aHardy, Thomas, _d1840-1928, _eauthor. _923611 |
|
| 245 | 1 | 0 |
_aFar from the Madding Crowd / _cThomas Hardy ; Dr. Raghukul Tilak, M.A., Ph.D., Department of English, Meerut College. |
| 246 | 3 | 4 |
_aFar from the Madding Crowd : _ba critical study |
| 250 | _aSecond edition. | ||
| 264 | 1 |
_aDelhi : _bSurjeet Publications, _c1996. |
|
| 300 |
_aiii, 194 pages : _c20 cm |
||
| 336 |
_2rdacontent _atext _btxt |
||
| 337 |
_2rdamedia _aunmediated _bn |
||
| 338 |
_2rdacarrier _avolume _bnc |
||
| 650 | _2BUEsh | ||
| 651 | 7 |
_923613 _aEngland _vFiction _xSocial life and customs _y19th century. _2BUEsh |
|
| 653 |
_bHHUUEENN _cMarch2021 |
||
| 655 |
_vReading book _934232 |
||
| 700 | 1 |
_aTilak, Raghukul, _eeditor. _923612 |
|
| 942 |
_cBB _k823.8 HAR _2ddc |
||